000 00761nam a2200205 i 4500
001 42511
003 ES-MaACL
005 20250701212113.0
007 t|
008 030402s1906 sp |||| | spa d
080 _a341.382(460.355 Algeciras)"1906"
100 1 _aFernández de Henestrosa y Mioño, Ignacio
_cMarqués de Camarasa.
_949663
245 1 0 _aDespués de la Conferencia de Algeciras /
_cEl Conde Moriana, Marqués de Camarasa [Fernández de Henestrosa y Mioño].
260 _aMadrid :
_b[s.n.],
_c1906 (
_fFortanet)
300 _a14 p. ;
_c27 cm.
611 2 7 _aConferencia de Algeciras
_d(1906)
_2
_9139959
651 4 _aMarruecos-
_xAdministración-
_vTratados, convenios, etc.
_9158404
852 _aES-MaACL
_jT-1071-F-8
999 _c42511
_d42511